| 000 | 00467nam a2200145Ia 4500 | ||
|---|---|---|---|
| 008 | 170221s9999 xx 000 0 und d | ||
| 100 | _aGarett, Renee. | ||
| 245 | 2 | _aA Literature Review: Website Design and User Engagement | |
| 245 | _cRenee Garett, Jason Chiu Ly, Zhang Sean D. Young. | ||
| 260 | _bOnline Journal of Communication and Media Technologies | ||
| 260 | _c2012 | ||
| 650 | _xCommunication | ||
| 650 | _xMedia Arts | ||
| 856 | _uhttp://www.ojcmt.net/ | ||
| 999 |
_c310534 _d310534 |
||